000 00247nam a2200109Ia 4500
008 190216s9999||||xx |||||||||||||| ||und||
100 _aSarah Thomas
245 0 _aJeevithamenna Nadhi
260 _bNbs Kottayam
650 _aMalayalam
942 _cBK
999 _c26121
_d26121